000
00377nam a2200145Ia 4500
008
090124s9999 xx 000 0 und d
082
_b
301489
245
_a
पे्रम बंधन
250
_a
1
260
_b
काकडे द.स.
_c
1985
300
_a
228
630
_a
पे्रम बंधन
730
_a
पे्रम बंधन
942
_c
BOOK
999
_c
191064
_d
191064